Hospital
Saved in:
| Main Authors: | , |
|---|---|
| Format: | Chapter/Article Dictionary Entry or Article |
| Language: | German |
| Published: |
2007
|
| In: |
Enzyklopädie der Neuzeit ; 5: Gymnasium - Japanhandel
Year: 2007, Pages: 651-655 |
| Online Access: |
|
| Author Notes: | Maike Rotzoll, Wolfgang U. Eckart |
MARC
| LEADER | 00000caa a22000002c 4500 | ||
|---|---|---|---|
| 001 | 1563310708 | ||
| 003 | DE-627 | ||
| 005 | 20250616153446.0 | ||
| 007 | tu | ||
| 008 | 170907s2007 xx ||||| 00| ||ger c | ||
| 035 | |a (DE-627)1563310708 | ||
| 035 | |a (DE-576)493310703 | ||
| 035 | |a (DE-599)BSZ493310703 | ||
| 035 | |a (OCoLC)1340979212 | ||
| 040 | |a DE-627 |b ger |c DE-627 |e rda | ||
| 041 | |a ger | ||
| 084 | |a 33 |2 sdnb | ||
| 084 | |a 1 |2 ssgn | ||
| 100 | 1 | |a Rotzoll, Maike |d 1964- |e VerfasserIn |0 (DE-588)141653353 |0 (DE-627)630406294 |0 (DE-576)174772270 |4 aut | |
| 245 | 1 | 0 | |a Hospital |c Maike Rotzoll, Wolfgang U. Eckart |
| 264 | 1 | |c 2007 | |
| 300 | |a 5 | ||
| 336 | |a Text |b txt |2 rdacontent | ||
| 337 | |a ohne Hilfsmittel zu benutzen |b n |2 rdamedia | ||
| 338 | |a Band |b nc |2 rdacarrier | ||
| 700 | 1 | |a Eckart, Wolfgang U. |d 1952-2021 |e VerfasserIn |0 (DE-588)115857621 |0 (DE-627)077516613 |0 (DE-576)16551258X |4 aut | |
| 773 | 0 | 8 | |i Enthalten in |t Enzyklopädie der Neuzeit ; 5: Gymnasium - Japanhandel |d Darmstadt : Wiss. Buchges., 2007 |g (2007) Spalte 651-655 |h XXII S., 1200 Sp. |w (DE-627)1323904867 |w (DE-576)253904862 |7 nnam |a Hospital |
| 773 | 1 | 8 | |g year:2007 |g pages:651-655 |g extent:5 |a Hospital |
| 935 | |c uwlx | ||
| 951 | |a AR | ||
| 992 | |a 20170907 | ||
| 993 | |a BookComponentPart | ||
| 994 | |a 2007 | ||
| 998 | |g 115857621 |a Eckart, Wolfgang U. |m 115857621:Eckart, Wolfgang U. |d 50000 |d 53700 |e 50000PE115857621 |e 53700PE115857621 |k 0/50000/ |k 1/50000/53700/ |p 2 |y j | ||
| 998 | |g 141653353 |a Rotzoll, Maike |m 141653353:Rotzoll, Maike |d 50000 |d 53700 |e 50000PR141653353 |e 53700PR141653353 |k 0/50000/ |k 1/50000/53700/ |p 1 |x j | ||
| 999 | |a KXP-PPN1563310708 |e 2979815314 | ||
| BIB | |a Y | ||
| JSO | |a {"recId":"1563310708","type":{"bibl":"chapter"},"origin":[{"dateIssuedDisp":"2007","dateIssuedKey":"2007"}],"physDesc":[{"extent":"5 S."}],"name":{"displayForm":["Maike Rotzoll, Wolfgang U. Eckart"]},"relHost":[{"part":{"pages":"651-655","year":"2007","extent":"5","text":"(2007) Spalte 651-655"},"origin":[{"dateIssuedDisp":"2007","publisherPlace":"Darmstadt","dateIssuedKey":"2007","publisher":"Wiss. Buchges."}],"physDesc":[{"extent":"XXII S., 1200 Sp.","noteIll":"Ill., graph. Darst., Kt."}],"disp":"HospitalEnzyklopädie der Neuzeit ; 5: Gymnasium - Japanhandel","recId":"1323904867","type":{"bibl":"book"},"relMultPart":[{"language":["ger"],"person":[{"family":"Jaeger","given":"Friedrich","role":"edt","display":"Jaeger, Friedrich"}],"id":{"eki":["1185273794"]},"note":["Lizenz des Metzler-Verl., Stuttgart"],"part":{"number_sort":["5"],"number":["5"]},"title":[{"title":"Enzyklopädie der Neuzeit","title_sort":"Enzyklopädie der Neuzeit"}],"ga":1,"corporate":[{"display":"Kulturwissenschaftliches Institut Essen","role":"oth"}],"name":{"displayForm":["im Auftrag des Kulturwissenschaftlichen Instituts (Essen) und in Verbindung mit den Fachwissenschaftlern hrsg. von Friedrich Jaeger"]},"origin":[{"edition":"Lizenzausg.","publisher":"Wiss. Buchges.","dateIssuedDisp":"20XX-","publisherPlace":"[Darmstadt]"}],"recId":"1185273794","type":{"bibl":"edited-book"}}],"language":["ger"],"title":[{"title":"Gymnasium - Japanhandel"}],"id":{"eki":["1323904867"]}}],"id":{"eki":["1563310708"]},"title":[{"title":"Hospital","title_sort":"Hospital"}],"language":["ger"],"person":[{"display":"Rotzoll, Maike","role":"aut","family":"Rotzoll","given":"Maike"},{"display":"Eckart, Wolfgang U.","role":"aut","family":"Eckart","given":"Wolfgang U."}]} | ||
| SRT | |a ROTZOLLMAIHOSPITAL2007 | ||